000 00657nam a22001937a 4500
999 _c3108
_d3108
003 AR-CdUCM
008 190305b ||||| |||| 00| 0 spa d
040 _aMUNICIPALIDAD PROVINCIAL DEL CUSCO
_cBIBLIOTECA MUNICIPAL DEL CUSCO
082 _a868.39 /
_bV39
100 _aVega, Lope de
_92605
245 _aFuente Ovejuna :
_bEl caballero de Olmedo /
260 _aMadrid :
_bSalvat Editores :
_c1969.
300 _a188 paginas ;
_c18 cm.
505 _aContenido :Prologo de Joaquín de entrambasaguas -- Fuente ovejuna -- El caballero de olmedo ..
650 _aTeatro español
_9648
650 _aEdad de Oro
_9870
942 _2ddc
_cLIBROS
945 _arum